[Event "Mogi das Cruzes op 09"]
[Site "Mogi das Cruzes"]
[Date "2013.09.28"]
[Round "5"]
[White "Proudian, Armen"]
[Black "Mekhitarian, Krikor Sevag"]
[Result "0-1"]
[WhiteElo "2259"]
[BlackElo "2548"]
[PlyCount "102"]
[EventDate "2013.09.26"]
[EventType "swiss"]
[EventRounds "7"]
[EventCountry "BRA"]
[SourceTitle "CBM 156 Extra"]
[Source "ChessBase"]
[SourceDate "2013.10.22"]
[SourceVersion "1"]
[SourceVersionDate "2013.10.22"]
[SourceQuality "1"]

1. e4 c5 2. Nf3 e6 3. d4 cxd4 4. Nxd4 Nc6 5. Nc3 Qc7 6. Be3 a6 7. Qd2 Nf6 8.
O-O-O Be7 9. f3 b5 10. g4 Nxd4 11. Qxd4 Bb7 12. g5 Nh5 13. Ne2 Rc8 14. Rd2 Bc5
15. Qd3 d5 16. Bxc5 Qxc5 17. e5 d4 18. Qxd4 Qxd4 19. Nxd4 Rc5 20. Re2 Nf4 21.
Re3 Ng6 22. Rg1 Ke7 23. Bg2 h6 24. gxh6 Rxh6 25. Rge1 Rxh2 26. Bf1 Rh1 27. Kd2
Rxe5 28. Bd3 Rxe1 29. Rxe1 Rxe1 30. Kxe1 f5 31. Kf2 Nf4 32. Bf1 Kd6 33. c4 b4
34. Ke3 g5 35. Nb3 e5 36. a3 bxa3 37. bxa3 Ne6 38. Be2 Nc5 39. Nc1 f4+ 40. Kf2
e4 41. fxe4 Bxe4 42. Bf1 g4 43. Ne2 Ke5 44. Nc3 g3+ 45. Kg1 f3 46. Nd1 Kf4 47.
a4 Nxa4 48. Bh3 Nc5 49. Bg2 f2+ 50. Nxf2 gxf2+ 51. Kxf2 Bxg2 0-1

[Event "Mogi das Cruzes op 09"]
[Site "Mogi das Cruzes"]
[Date "2013.09.29"]
[Round "6"]
[White "Mekhitarian, Krikor Sevag"]
[Black "Molina, Roberto Junio Brito"]
[Result "1-0"]
[WhiteElo "2548"]
[BlackElo "2421"]
[PlyCount "80"]
[EventDate "2013.09.26"]
[EventType "swiss"]
[EventRounds "7"]
[EventCountry "BRA"]
[SourceTitle "CBM 156 Extra"]
[Source "ChessBase"]
[SourceDate "2013.10.22"]
[SourceVersion "1"]
[SourceVersionDate "2013.10.22"]
[SourceQuality "1"]

1. e4 e5 2. Nf3 Nc6 3. Bb5 a6 4. Ba4 Nf6 5. O-O Be7 6. Re1 b5 7. Bb3 O-O 8. a4
Bb7 9. d3 d6 10. Nbd2 Na5 11. Ba2 c5 12. Nf1 b4 13. c3 bxc3 14. bxc3 Qc7 15.
Ne3 Bc8 16. Qc2 Rb8 17. Nd2 Re8 18. Ndc4 Nc6 19. Nd5 Nxd5 20. exd5 Na5 21. f4
Nxc4 22. Bxc4 Bb7 23. Rb1 Bh4 24. Rf1 Bf6 25. fxe5 Bxe5 26. Bf4 Bxf4 27. Rxf4
Bc8 28. Rbf1 Re7 29. Qf2 Bb7 30. Rg4 Rbe8 31. Qf6 g6 32. Rgf4 Qd8 33. Qg5 Qa5
34. Qf6 Qd8 35. a5 Qxa5 36. Qxd6 Qxc3 37. Qf6 Qxf6 38. Rxf6 Rd7 39. Rxf7 Red8
40. d6 Kh8 1-0

[Event "Forquilhinha op"]
[Site "Forquilhinha"]
[Date "2013.10.11"]
[Round "2"]
[White "Mekhitarian, Krikor Sevag"]
[Black "Pirola, Claudionor Alcides"]
[Result "1-0"]
[WhiteElo "2548"]
[BlackElo "2095"]
[PlyCount "81"]
[EventDate "2013.10.10"]
[EventType "swiss"]
[EventRounds "7"]
[EventCountry "BRA"]
[SourceTitle "EXT 2014"]
[Source "ChessBase"]
[SourceDate "2013.11.20"]
[SourceVersion "1"]
[SourceVersionDate "2013.11.20"]
[SourceQuality "1"]

1. e4 e5 2. Nf3 Nc6 3. Bb5 a6 4. Ba4 Nf6 5. O-O Be7 6. Re1 b5 7. Bb3 d6 8. c3
O-O 9. h3 Bb7 10. d4 Re8 11. Nbd2 Bf8 12. a3 Na5 13. Bc2 exd4 14. cxd4 c5 15.
d5 Nd7 16. b4 Nc4 17. Nxc4 bxc4 18. Rb1 Qc7 19. bxc5 Nxc5 20. Qd4 Nd7 21. Bd2
Be7 22. Rb4 Rac8 23. Qa7 Nc5 24. Reb1 Ra8 25. Qb6 Qxb6 26. Rxb6 Bc8 27. R6b4 a5
28. Rxc4 Ba6 29. Rc3 Bf6 30. Re3 Rab8 31. Bxa5 Rxb1+ 32. Bxb1 Rb8 33. Bb4 g6
34. Bc2 Rc8 35. Re1 Kf8 36. Bb1 Ke7 37. e5 dxe5 38. Nxe5 Kd6 39. Nxf7+ Kxd5 40.
Rd1+ Bd4 41. Ba2+ 1-0

[Event "Forquilhinha op"]
[Site "Forquilhinha"]
[Date "2013.10.11"]
[Round "3"]
[White "Stamenkovic, Dragan"]
[Black "Mekhitarian, Krikor Sevag"]
[Result "0-1"]
[WhiteElo "2396"]
[BlackElo "2548"]
[PlyCount "134"]
[EventDate "2013.10.10"]
[EventType "swiss"]
[EventRounds "7"]
[EventCountry "BRA"]
[SourceTitle "EXT 2014"]
[Source "ChessBase"]
[SourceDate "2013.11.20"]
[SourceVersion "1"]
[SourceVersionDate "2013.11.20"]
[SourceQuality "1"]

1. d4 Nf6 2. Bg5 d5 3. e3 g6 4. Bxf6 exf6 5. Nd2 Bd6 6. c4 dxc4 7. Bxc4 O-O 8.
Ngf3 Nd7 9. O-O f5 10. a3 Qe7 11. Re1 Nf6 12. Qc2 c6 13. Ba2 Be6 14. Bxe6 Qxe6
15. Nc4 Be7 16. Na5 Rab8 17. Rac1 Rfe8 18. Qa4 Bd6 19. b4 Qd5 20. Qb3 Qxb3 21.
Nxb3 f4 22. Na5 fxe3 23. Rxe3 Red8 24. g3 Bf8 25. Re2 Nd5 26. Ne5 Ne7 27. Nb3
Nf5 28. Nf3 Bg7 29. Rd1 Rd5 30. Na5 Kf8 31. Red2 Nd6 32. Rd3 Rd8 33. Ne5 Rb5
34. g4 Ne4 35. Nf3 Nf6 36. h3 Nd5 37. Kh2 Nf4 38. R3d2 Ne6 39. Kg3 Rd7 40. Ne5
Rxd4 41. Nec4 Rxd2 42. Rxd2 c5 43. Rd7 cxb4 44. axb4 Rxb4 45. Rxb7 Rxb7 46.
Nxb7 Ke7 47. f4 Bd4 48. f5 gxf5 49. gxf5 Nc5 50. Nba5 Kd7 51. Kf4 f6 52. Kg4
Ne4 53. Kh5 Nd6 54. Kh6 Nxf5+ 55. Kxh7 Ke6 56. Kg6 Ne7+ 57. Kh5 Kd5 58. Na3 Ke4
59. N5c4 Bc5 60. Nb5 Kd5 61. Nd2 a5 62. Kg4 Bb4 63. Nb1 Kc4 64. Nc7 Kb3 65. Na6
Kc2 66. h4 Kxb1 67. h5 Bd2 0-1

[Event "Forquilhinha op"]
[Site "Forquilhinha"]
[Date "2013.10.12"]
[Round "4"]
[White "Mekhitarian, Krikor Sevag"]
[Black "Santiago, Yago de Moura"]
[Result "1/2-1/2"]
[WhiteElo "2548"]
[BlackElo "2432"]
[PlyCount "75"]
[EventDate "2013.10.10"]
[EventType "swiss"]
[EventRounds "7"]
[EventCountry "BRA"]
[SourceTitle "EXT 2014"]
[Source "ChessBase"]
[SourceDate "2013.11.20"]
[SourceVersion "1"]
[SourceVersionDate "2013.11.20"]
[SourceQuality "1"]

1. e4 e6 2. d4 d5 3. Nd2 Nc6 4. Ngf3 Nf6 5. e5 Nd7 6. Nb3 a5 7. a4 Be7 8. c3 b6
9. h4 h6 10. Be3 Ncb8 11. h5 c5 12. Bb5 Qc7 13. Nfd2 Nc6 14. Qg4 Bf8 15. Be2 c4
16. Nc1 b5 17. axb5 Na7 18. f4 Nxb5 19. f5 Nb6 20. fxe6 Bxe6 21. Qg3 Qd7 22.
Bd1 a4 23. Ne2 a3 24. bxa3 Na4 25. Bxa4 Rxa4 26. Rb1 Kd8 27. O-O Kc8 28. Rb2
Bxa3 29. Qxg7 Re8 30. Rbb1 Bf8 31. Qf6 Ra6 32. Rb2 Ba3 33. Rbb1 Bf8 34. Rfc1
Nc7 35. Ra1 Ba3 36. Rf1 Bg4 37. Qf2 Bxh5 38. Ng3 1/2-1/2

[Event "Forquilhinha op"]
[Site "Forquilhinha"]
[Date "2013.10.12"]
[Round "5"]
[White "Aguiar, Lucas Teodoro Barbo"]
[Black "Mekhitarian, Krikor Sevag"]
[Result "0-1"]
[WhiteElo "2286"]
[BlackElo "2548"]
[PlyCount "168"]
[EventDate "2013.10.10"]
[EventType "swiss"]
[EventRounds "7"]
[EventCountry "BRA"]
[SourceTitle "EXT 2014"]
[Source "ChessBase"]
[SourceDate "2013.11.20"]
[SourceVersion "1"]
[SourceVersionDate "2013.11.20"]
[SourceQuality "1"]

1. e4 c5 2. Nf3 d6 3. d4 cxd4 4. Nxd4 Nf6 5. Nc3 a6 6. Be2 e6 7. O-O Be7 8. Be3
O-O 9. f4 Nc6 10. Nb3 b5 11. Bf3 Bb7 12. Qd2 Nd7 13. Qf2 Rc8 14. Rad1 Na5 15.
Nd4 Nc4 16. Bc1 Qc7 17. b3 Ncb6 18. Bb2 b4 19. Nce2 g6 20. Qg3 Bf6 21. c4 bxc3
22. Bxc3 Bg7 23. Bb4 Nc5 24. Rc1 Bxe4 25. Bxe4 Nxe4 26. Rxc7 Nxg3 27. hxg3 Rxc7
28. Bxd6 Rcc8 29. Bxf8 Kxf8 30. Rd1 Nd5 31. Kf2 Ke7 32. Rd2 Kd7 33. Nf3 Kc7 34.
Nfd4 Kd7 35. Nf3 Bf6 36. g4 a5 37. f5 a4 38. g5 Ba1 39. fxe6+ fxe6 40. bxa4 Rc4
41. Rd1 Bb2 42. Rb1 Rc2 43. Rd1 Ba3 44. Rd2 Rc8 45. Ned4 Bc5 46. Kg3 Bd6+ 47.
Kf2 Ra8 48. Nb5 Rxa4 49. Nxd6 Kxd6 50. Nd4 Ke5 51. Nf3+ Kd6 52. Nd4 Ra8 53. Kg3
Ra3+ 54. Kf2 Ra4 55. Kg3 Ra5 56. Re2 Nc7 57. Rd2 Rxg5+ 58. Kf4 Rd5 59. Nf3 h6
60. g4 Rxd2 61. Nxd2 Kd5 62. Ne4 Kd4 63. a4 Na6 64. Nd2 e5+ 65. Kf3 Nc5 66. a5
Kd3 67. Nf1 e4+ 68. Kf4 g5+ 69. Kf5 e3 70. Nh2 e2 71. Nf3 Ke3 72. Ne1 Kf2 73.
Nc2 Nb3 74. a6 Nd4+ 75. Kg6 Nxc2 76. a7 e1=Q 77. a8=Q Nd4 78. Qa7 Qe3 79. Kh5
Qh3+ 80. Kg6 Qe3 81. Kh5 Qh3+ 82. Kg6 Qxg4 83. Kxh6 Kg3 84. Qc7+ Qf4 0-1

[Event "Forquilhinha op"]
[Site "Forquilhinha"]
[Date "2013.10.13"]
[Round "6"]
[White "Mekhitarian, Krikor Sevag"]
[Black "Molina, Roberto Junio Brito"]
[Result "1-0"]
[WhiteElo "2548"]
[BlackElo "2416"]
[PlyCount "75"]
[EventDate "2013.10.10"]
[EventType "swiss"]
[EventRounds "7"]
[EventCountry "BRA"]
[SourceTitle "EXT 2014"]
[Source "ChessBase"]
[SourceDate "2013.11.20"]
[SourceVersion "1"]
[SourceVersionDate "2013.11.20"]
[SourceQuality "1"]

1. d4 d5 2. c4 dxc4 3. e4 Nc6 4. Nf3 Bg4 5. d5 Ne5 6. Qd4 Ng6 7. Qxc4 Qd7 8.
Qb3 O-O-O 9. Bb5 Qd6 10. O-O e5 11. dxe6 Bxe6 12. Bc4 Bxc4 13. Qxc4 f6 14. Be3
Kb8 15. Nc3 Ne5 16. Nxe5 Qxe5 17. f4 Qa5 18. Rad1 Rc8 19. Rd5 Qb4 20. Qd3 a6
21. Rd4 Qb6 22. Nd5 Qb5 23. Rc4 Ne7 24. Nc3 Qe8 25. Rd1 Nc6 26. Nd5 Bd6 27. Bf2
Rd8 28. Qe3 Kc8 29. Rdc1 Qe6 30. Qc3 Bf8 31. f5 Qe8 32. b4 Bd6 33. a4 Qe5 34.
Rxc6 bxc6 35. Qxc6 Kb8 36. Qxa6 Qxh2+ 37. Kf1 Qh1+ 38. Bg1 1-0

[Event "Forquilhinha op"]
[Site "Forquilhinha"]
[Date "2013.10.13"]
[Round "7"]
[White "Disconzi da Silva, Rodrigo"]
[Black "Mekhitarian, Krikor Sevag"]
[Result "1/2-1/2"]
[WhiteElo "2374"]
[BlackElo "2548"]
[PlyCount "36"]
[EventDate "2013.10.10"]
[EventType "swiss"]
[EventRounds "7"]
[EventCountry "BRA"]
[SourceTitle "EXT 2014"]
[Source "ChessBase"]
[SourceDate "2013.11.20"]
[SourceVersion "1"]
[SourceVersionDate "2013.11.20"]
[SourceQuality "1"]

1. Nf3 d5 2. d4 Nf6 3. c4 e6 4. Nc3 Bb4 5. e3 O-O 6. Bd3 b6 7. O-O Bb7 8. a3
Bd6 9. cxd5 exd5 10. b4 Nbd7 11. Qb3 a6 12. a4 Qe7 13. Ba3 c6 14. b5 axb5 15.
Bxd6 Qxd6 16. axb5 c5 17. Bf5 c4 18. Qb2 g6 1/2-1/2

[Event "Porto Alegre Oncolinos op"]
[Site "Porto Alegre"]
[Date "2013.11.14"]
[Round "1"]
[White "Mekhitarian, Krikor Sevag"]
[Black "Jorge, Alberto"]
[Result "1-0"]
[WhiteElo "2557"]
[BlackElo "1838"]
[PlyCount "75"]
[EventDate "2013.11.14"]
[EventType "swiss"]
[EventRounds "7"]
[EventCountry "BRA"]
[SourceTitle "EXT 2015"]
[Source "ChessBase"]
[SourceDate "2014.11.20"]
[SourceVersion "1"]
[SourceVersionDate "2014.11.20"]
[SourceQuality "1"]

1. e4 e5 2. Nf3 Nc6 3. Bb5 a6 4. Ba4 Nf6 5. O-O Be7 6. d3 d6 7. c3 O-O 8. Nbd2
b5 9. Bc2 Bg4 10. Re1 Re8 11. h3 Bh5 12. Nf1 Bf8 13. Ng3 Bg6 14. Nh4 Qd7 15.
Qf3 Kh8 16. Ngf5 Ng8 17. a4 Nce7 18. Bb3 Nf6 19. Nh6 d5 20. Bg5 Neg8 21. Nxg8
Nxg8 22. Bxd5 c6 23. Nxg6+ fxg6 24. Bf7 Reb8 25. axb5 Rxb5 26. b4 Be7 27. Bxe7
Qxe7 28. Bc4 Rb6 29. Qe3 Qc7 30. Ra5 Nf6 31. Rea1 Rf8 32. Qc5 Nd7 33. Qe7 Rbb8
34. Rxa6 Rbe8 35. Ra7 Qxa7 36. Qxf8+ Nxf8 37. Rxa7 h5 38. Rc7 1-0

[Event "Porto Alegre Oncolinos op"]
[Site "Porto Alegre"]
[Date "2013.11.15"]
[Round "2"]
[White "Lukachewski Junior, Wanderlei"]
[Black "Mekhitarian, Krikor Sevag"]
[Result "1/2-1/2"]
[WhiteElo "2031"]
[BlackElo "2557"]
[PlyCount "132"]
[EventDate "2013.11.14"]
[EventType "swiss"]
[EventRounds "7"]
[EventCountry "BRA"]
[SourceTitle "EXT 2015"]
[Source "ChessBase"]
[SourceDate "2014.11.20"]
[SourceVersion "1"]
[SourceVersionDate "2014.11.20"]
[SourceQuality "1"]

1. d4 Nf6 2. c4 e6 3. Nc3 Bb4 4. Qc2 O-O 5. a3 Bxc3+ 6. Qxc3 d6 7. Nf3 b6 8. g3
Bb7 9. Bg2 a5 10. b4 axb4 11. axb4 Ne4 12. Qb2 Rxa1 13. Qxa1 Nc6 14. Qb1 d5 15.
O-O Qe7 16. cxd5 exd5 17. Qb3 Ra8 18. Ba3 Na7 19. Rc1 Nb5 20. Bb2 h6 21. Rc2
Ned6 22. Ne5 Qe6 23. e3 Nc4 24. Nxc4 dxc4 25. Qxc4 Qxc4 26. Rxc4 Bxg2 27. Kxg2
Ra2 28. Bc1 f5 29. e4 fxe4 30. Bf4 g5 31. Be3 Rb2 32. d5 Kf7 33. h4 gxh4 34.
gxh4 h5 35. Rxe4 Nd6 36. Re6 Rxb4 37. Rh6 Rc4 38. Bxb6 Kg7 39. Re6 Nf5 40. Ba5
Rc5 41. Ra6 Nxh4+ 42. Kh3 Ng6 43. Kg3 Ne7 44. Bb4 Nf5+ 45. Kf4 Rxd5 46. Rc6 Nh4
47. Bc3+ Kf7 48. Rxc7+ Ke6 49. Rc6+ Kd7 50. Rf6 Ke7 51. Rc6 Kd7 52. Rf6 Ke7 53.
Rc6 Kf7 54. Rf6+ Kg8 55. Rh6 Rc5 56. Be5 Rc4+ 57. Ke3 Nf5+ 58. Kd3 Rh4 59. Rh8+
Kf7 60. f4 Rh1 61. Ke4 Ng3+ 62. Kf3 Nf5 63. Ke4 Ng3+ 64. Kf3 h4 65. Kg4 Rg1 66.
Rxh4 Ne4+ 1/2-1/2

[Event "Porto Alegre Oncolinos op"]
[Site "Porto Alegre"]
[Date "2013.11.15"]
[Round "3"]
[White "Mekhitarian, Krikor Sevag"]
[Black "Dornelles, Marcio Neron Camarg"]
[Result "1-0"]
[WhiteElo "2557"]
[BlackElo "1883"]
[PlyCount "91"]
[EventDate "2013.11.14"]
[EventType "swiss"]
[EventRounds "7"]
[EventCountry "BRA"]
[SourceTitle "EXT 2015"]
[Source "ChessBase"]
[SourceDate "2014.11.20"]
[SourceVersion "1"]
[SourceVersionDate "2014.11.20"]
[SourceQuality "1"]

1. e4 e5 2. Nf3 Nf6 3. d4 exd4 4. e5 Ne4 5. Qxd4 d5 6. exd6 Nxd6 7. Bd3 Nc6 8.
Qf4 Be7 9. O-O O-O 10. Nc3 Be6 11. Re1 Qd7 12. Ne5 Nxe5 13. Rxe5 f5 14. Qe3 Rf6
15. Nd5 Bxd5 16. Rxe7 Qc6 17. f3 Re8 18. Rxe8+ Qxe8 19. Qxe8+ Nxe8 20. Bf4 g6
21. Kf2 Nd6 22. b3 Bf7 23. h4 Kf8 24. c4 Re6 25. Be3 a6 26. Rd1 Ke8 27. h5 Re7
28. a4 Be6 29. hxg6 hxg6 30. Rh1 Nf7 31. Bc2 b6 32. a5 bxa5 33. Ra1 Bc8 34.
Rxa5 Bb7 35. Ra1 Ne5 36. Bg5 Re6 37. Bf4 Kf7 38. Rh1 Kg7 39. Rd1 Bc6 40. Rd8
Re7 41. Bd2 Kf7 42. Bc3 Ke6 43. Rg8 Be8 44. Bb4 Kf7 45. Rh8 Rd7 46. Rf8+ 1-0

[Event "Porto Alegre Oncolinos op"]
[Site "Porto Alegre"]
[Date "2013.11.16"]
[Round "4"]
[White "Bordignon, Alexandro"]
[Black "Mekhitarian, Krikor Sevag"]
[Result "0-1"]
[WhiteElo "2042"]
[BlackElo "2557"]
[PlyCount "100"]
[EventDate "2013.11.14"]
[EventType "swiss"]
[EventRounds "7"]
[EventCountry "BRA"]
[SourceTitle "EXT 2015"]
[Source "ChessBase"]
[SourceDate "2014.11.20"]
[SourceVersion "1"]
[SourceVersionDate "2014.11.20"]
[SourceQuality "1"]

1. Nf3 c5 2. g3 Nc6 3. Bg2 g6 4. O-O Bg7 5. e4 d6 6. c3 e5 7. Re1 Nge7 8. d3
O-O 9. Be3 b6 10. a4 d5 11. Qc2 h6 12. Na3 Be6 13. Rad1 Qc7 14. Bc1 Rad8 15.
exd5 Nxd5 16. Nc4 Rfe8 17. Ne3 Nde7 18. Nd2 f5 19. Nec4 Bf7 20. b3 Nd5 21. Bb2
Qd7 22. Nf1 g5 23. Nfe3 Nde7 24. h3 Be6 25. Qe2 Rf8 26. g4 fxg4 27. Nxg4 Ng6
28. Qe4 Nf4 29. Qxc6 Qxc6 30. Bxc6 Nxh3+ 31. Kg2 Bxg4 32. Rd2 Bf5 33. Nxe5 Nf4+
34. Kg1 Bxe5 35. Rxe5 Rxd3 36. Rxd3 Nxd3 37. Bd5+ Kg7 38. Re2 Nxb2 39. Rxb2 Rd8
40. Bc4 Kf6 41. b4 cxb4 42. cxb4 Rd4 43. Bb5 Be4 44. a5 Rd1+ 45. Kh2 h5 46. Kg3
Rg1+ 47. Kh2 Rh1+ 48. Kg3 h4+ 49. Kg4 Rg1+ 50. Kh3 Bf3 0-1

[Event "Porto Alegre Oncolinos op"]
[Site "Porto Alegre"]
[Date "2013.11.16"]
[Round "5"]
[White "Mekhitarian, Krikor Sevag"]
[Black "Souza, Ivan Boere"]
[Result "1-0"]
[WhiteElo "2557"]
[BlackElo "2283"]
[PlyCount "53"]
[EventDate "2013.11.14"]
[EventType "swiss"]
[EventRounds "7"]
[EventCountry "BRA"]
[SourceTitle "EXT 2015"]
[Source "ChessBase"]
[SourceDate "2014.11.20"]
[SourceVersion "1"]
[SourceVersionDate "2014.11.20"]
[SourceQuality "1"]

1. e4 c5 2. Nf3 d6 3. d4 cxd4 4. Nxd4 Nf6 5. Nc3 e6 6. g4 Nc6 7. g5 Nd7 8. h4
Nde5 9. Be2 Nxd4 10. Qxd4 Nc6 11. Qe3 Be7 12. Bd2 O-O 13. O-O-O d5 14. exd5
exd5 15. Qg3 Be6 16. h5 Rc8 17. a3 Na5 18. h6 Bd6 19. Qf3 f5 20. hxg7 Rf7 21.
Nxd5 Nc6 22. Rxh7 Kxh7 23. Qh5+ Kxg7 24. Qh6+ Kg8 25. Nf6+ Qxf6 26. gxf6 Rh7
27. f7+ 1-0

[Event "Porto Alegre Oncolinos op"]
[Site "Porto Alegre"]
[Date "2013.11.17"]
[Round "7"]
[White "Mekhitarian, Krikor Sevag"]
[Black "Molina, Roberto Junio Brito"]
[Result "1-0"]
[WhiteElo "2557"]
[BlackElo "2432"]
[PlyCount "63"]
[EventDate "2013.11.14"]
[EventType "swiss"]
[EventRounds "7"]
[EventCountry "BRA"]
[SourceTitle "EXT 2015"]
[Source "ChessBase"]
[SourceDate "2014.11.20"]
[SourceVersion "1"]
[SourceVersionDate "2014.11.20"]
[SourceQuality "1"]

1. e4 c6 2. d4 d5 3. Nc3 dxe4 4. Nxe4 Nd7 5. Nf3 Ngf6 6. Ng3 e6 7. Bc4 Be7 8.
O-O O-O 9. Qe2 c5 10. Bf4 a6 11. a4 cxd4 12. Rad1 Nb6 13. Bb3 Nbd5 14. Be5 b5
15. axb5 axb5 16. Nxd4 b4 17. Nc6 Qe8 18. Nxe7+ Qxe7 19. Rfe1 Ba6 20. Qd2 Rfd8
21. Qg5 h6 22. Qh4 Rac8 23. h3 Bb5 24. Rd4 Ba6 25. Red1 Re8 26. Bxf6 Nxf6 27.
Rxb4 g5 28. Qxh6 Qxb4 29. Qxg5+ Kh7 30. Qxf6 Qe7 31. Nh5 Qf8 32. Rd7 1-0

[Event "Bogota McGregor op 4th"]
[Site "Bogota"]
[Date "2013.12.06"]
[Round "5"]
[White "Mekhitarian, Krikor Sevag"]
[Black "Mosquera, Miguel"]
[Result "1/2-1/2"]
[WhiteElo "2566"]
[BlackElo "2394"]
[PlyCount "42"]
[EventDate "2013.12.04"]
[EventType "swiss"]
[EventRounds "9"]
[EventCountry "COL"]
[SourceTitle "CBM 157 Extra"]
[Source "ChessBase"]
[SourceDate "2013.12.19"]
[SourceVersion "1"]
[SourceVersionDate "2013.12.19"]
[SourceQuality "1"]

1. e4 e6 2. d4 d5 3. Nd2 Nf6 4. e5 Nfd7 5. Ngf3 c5 6. c3 Nc6 7. Bd3 Qb6 8. O-O
cxd4 9. cxd4 Nxd4 10. Nxd4 Qxd4 11. Nf3 Qb6 12. Qc2 Nc5 13. Be3 Bd7 14. Rac1
Rc8 15. Bxh7 Be7 16. Qb1 Qb4 17. Nd4 Na4 18. Rxc8+ Bxc8 19. b3 Nc5 20. Bc2 Bd7
21. Qd1 g6 1/2-1/2

[Event "Bogota McGregor op 4th"]
[Site "Bogota"]
[Date "2013.12.08"]
[Round "7"]
[White "Mekhitarian, Krikor Sevag"]
[Black "Lozano, Nestor Favian"]
[Result "1-0"]
[WhiteElo "2566"]
[BlackElo "2165"]
[PlyCount "41"]
[EventDate "2013.12.04"]
[EventType "swiss"]
[EventRounds "9"]
[EventCountry "COL"]
[SourceTitle "CBM 157 Extra"]
[Source "ChessBase"]
[SourceDate "2013.12.19"]
[SourceVersion "1"]
[SourceVersionDate "2013.12.19"]
[SourceQuality "1"]

1. e4 c5 2. Nf3 g6 3. d4 cxd4 4. Nxd4 Bg7 5. Nc3 Nc6 6. Be3 Nf6 7. Bc4 Qa5 8.
O-O O-O 9. Bb3 d6 10. h3 Bd7 11. Re1 Rfe8 12. Nf3 Rac8 13. Qe2 h6 14. Rad1 Qh5
15. Bf4 g5 16. Bg3 g4 17. hxg4 Bxg4 18. Qe3 Ne5 19. Nxe5 dxe5 20. f3 Bd7 21.
Qxa7 1-0